| 000 | 01283cam a2200241 4500 | ||
|---|---|---|---|
| 001 | WB3738-23 | ||
| 008 | 011010n2001 000 0 eng u | ||
| 035 | _a(Sirsi) u115066 | ||
| 245 | _aNext stages of CROW Act | ||
| 260 | _c2001 | ||
| 490 |
_aDEFRA News Release _v(173/01) 9 October 2001, (1) |
||
| 520 | _aRegulations have been laid to enable the Countryside Agency to issue and consult on draft maps of open country and registered common land, and for the draft maps to be widely available for inspection. "The Access to the Countryside (Maps in Draft Form) (England) Regulations 2001" (SI 2001:3301) is available at http://www.legislation.hmso.gov.uk/si/si2001/20013301.htm. A report summarising the response to the proposed regulations is available at http://www.defra.gov.uk/wildlife-countryside/cl/index.htm. Further information about the Countryside and Rights of Way Act 2000 is available at http://www.defra.gov.uk/wildlife-countryside/cl/bill/factsheet/index.htm. | ||
| 590 | _aWB | ||
| 650 | _aCOUNTRYSIDE AND RIGHTS OF WAY ACT 2000 | ||
| 650 | _aACCESS TO THE COUNTRYSIDE | ||
| 650 | _aOPEN COUNTRYSIDE | ||
| 650 | _aCOMMON LAND | ||
| 650 | _aRIGHTS OF WAY | ||
| 650 | _aMAPS | ||
| 650 | _aCOUNTRYSIDE AGENCY | ||
| 690 |
_aRural _96268 |
||
| 942 | _n0 | ||
| 999 |
_c68541 _d68541 |
||